| 000 | 00403pam a2200145 a 4500 | ||
|---|---|---|---|
| 020 | _c | ||
| 041 | _aeng | ||
| 082 | _bGUG | ||
| 100 | _aGugale G.S. | ||
| 245 |
_aA Text Book of Organic and Inorganic Chemistry _bS.Y.B.SC. Chemistry Paper II Sem I _hTextual Documents |
||
| 260 |
_aPune _bNirali Prakashan _c2015 |
||
| 300 | _a6.24. | ||
| 700 |
_aBobade V.D. _aNagawade A.V. _aNatu A.D. |
||
| 930 | _a16483 | ||
| 999 |
_c93383 _d93383 |
||